=LDR 00000nam 2200000 4500 =001 INLIS000000000012293 =005 20130612103827 =008 ***********************************Ind** =035 ##$$0010-061300000012293 =041 ##$$a Ind =082 ##$$a 658.8 =090 ##$$a 658.8, Hag m =100 ##$$a Hagure, Paul =245 ##$$a Merancang kuasioner, Paul Hague ; penerjemah Fery Dwi Nugroho =260 ##$$a 1995 $b Jakarta =300 ##$$a ix, 146 hlm.. lus, 21 cm =650 ##$$a Rise Pasar =700 ##$$a Nugroho, Fery Dwi =850 ##$$a NBPNMAT